00657nam a2200205Ia 4500001000900000003000500009005001700014008004100031010001100072040000900083082002100092110004000113245011500153260004700268300001100315503000600326650003700332650004200369700004000411dia_3076CHAP20251023153531.0220117s1974 xx 000 0 und d a173582 cCHAP aC 338.1 E55 1974 aCentro de Estadística y Cálculo aInforme anual de actividades 1974 /c E. N. A., Colegio de Postgraduados, Centro de Estadística y Cálculo aMexico :b Colegio de Posgraduados,c1974 a151 p. aD aEducación agrícolaxMéxico aEstadística y cálculoxInforme  aCentro de Estadística y Cálculo